| 000 | 00449nam a2200169Ia 4500 | ||
|---|---|---|---|
| 008 | 220803s9999 xx 000 0 und d | ||
| 041 | _aeng | ||
| 082 | _a720.47 MAX/DRE | ||
| 100 |
_aMaxwell F _910026 |
||
| 245 | _aTropical Architecture : In The Humid Zone | ||
| 260 |
_aLondon _bB T Batsford _c1956 |
||
| 300 | _a320p | ||
| 500 | _aArchitecture | ||
| 520 | _aWithdrawn | ||
| 650 |
_aEnvironmental Architecture _910027 |
||
| 700 |
_aDrew J. _910028 |
||
| 999 |
_c8744 _d8744 |
||